000 00544nam a2200169 i 4500
001 49612
003 ES-MaACL
005 20230906162028.0
007 t|
008 030718s1928 be ||||1| fre d
100 1 _aCoster, Charles de.
_941145
245 1 3 _aLa légende d'Ulenspiegel et de Lamme Goedzak /
_cCharles de Coster ; avant-propos de Paul Lacomblez.
260 _aBruxelles :
_b[s.n.],
_c1928 (
_fOffice de Publicité)
300 _aVII, 208 p., 12 lám. ;
_c25 cm.
700 1 _aLacomblez, Paul.
_969386
852 _aES-MaACL
_jA-2054
999 _c49612
_d49612